Skip to content
Inicio
Centros participantes
Catálogo
Servicios
Contacto
Login
English
Deutsch
Español
Français
Italiano
日本語
Nederlands
Português
Português (Brasil)
中文(简体)
中文(繁體)
Türkçe
עברית
Gaeilge
Cymraeg
Ελληνικά
Català
Euskara
Русский
Čeština
Suomi
Svenska
polski
Dansk
slovenščina
اللغة العربية
বাংলা
Galego
Tiếng Việt
Hrvatski
हिंदी
Հայերէն
Українська
Sámegiella
Language
All Fields
Title
Author
Subject
Call Number
ISBN/ISSN
Tag
Find
Advanced
Hacia el gobierno local que el...
Cite this
Email this
Print
Export Record
Export to RefWorks
Export to EndNoteWeb
Export to EndNote
Save to List
Permanent link
Export Ready —
Add first rating
Hacia el gobierno local que el país requiere
Saved in:
Bibliographic Details
Main Author:
Arias Sánchez, Oscar
Format:
Text
Published:
San José:
OFIPLAN
Tags:
Add Tag
No Tags, Be the first to tag this record!
Holdings
Description
Comments
Similar Items
Staff View
MARC
LEADER
00000 a a2200000 04500
001
17099
003
040
090
|a
007600
100
|a
Arias Sánchez, Oscar
245
|a
Hacia el gobierno local que el país requiere
260
|a
San José:
|b
OFIPLAN
300
|a
11 p.
999
|c
6118
|d
6118
Similar Items
Una administración pública eficaz para el año 2000
Discurso pronunciado por el embajador Fernando Berrocal en la casa de la Amistad con motivo del 15 de septiembre
by: Berrocal Soto, Fernando
Algunos resultados preliminares del estudio para definir la imagen - objetivo del desarrollo de Costa Rica para el año 2000
Programa de trabajo de la división de planes y política administrativa para 1976-1977. Plan global de reforma administrativa
Agrarian polices in depent societies: Costa Rica
by: Seligson, Mitchell A